000 00608nam a22001817a 4500
003 OSt
005 20240528131645.0
008 240528b ||||| |||| 00| 0 eng d
040 _cAIMIT LIBRARY
100 _aK, Anusha.
_e202001
_9168157
245 _aDesigning a data model on interbank swift transaction /
_cBy Anusha K ; Guided by Hemalatha N and Stuti Tibrewal.
260 _aMangalore
_c2022.
650 _aProcess description
_9168158
700 _aN, Hemalatha.
_eGuide
_9168159
700 _aTibrewal, Stuti.
_eGuide
_9168160
856 _3Tata Consultancy Services.
_ywww.tcs.com
942 _2ddc
_cPRO
999 _c230943
_d230943